[Event "Campeonato Navarro Absoluto Individual Fase Final"]
[Site "Residencia Fuerte del Príncipe"]
[Date "2016.04.16"]
[Round "5"]
[Board "16"]
[White "Roldan Marques, Marta"]
[Black "Zuniga Arraras, Marina"]
[Result "0-1"]
[WhiteElo "1635"]
[BlackElo "1780"]
[PlyCount "71"]
[EventDate "2016.03.05"]
[EventRounds "8"]
[EventCountry "ESP"]

1. e4 c5 2. Nc3 Nc6 3. g3 g6 4. Bg2 Bg7 5. d3 d6 6. Be3 Nf6 7. Qd2 O-O 8. Bh6
e6 9. Bxg7 Kxg7 10. f4 Nd4 11. Nge2 Qb6 12. Rb1 Nxe2 13. Qxe2 Re8 14. e5 Nd7
15. O-O d5 16. Rf2 Qa5 17. a3 Rb8 18. f5 exf5 19. Bxd5 Rxe5 20. Qf3 Nf6 21. Qf4
Qc7 22. Re2 Re7 23. Rxe7 Qxe7 24. Qxb8 Qe3+ 25. Kf1 Nxd5 26. Nxd5 Qf3+ 27. Kg1
Qxd5 28. Qxc8 Qd4+ 29. Kg2 Qd5+ 30. Kh3 Qf3 31. Qxc5 g5 32. Qd4+ Kg6 33. Qc4
g4+ 34. Kh4 Qg2 35. Qxg4+ fxg4 36. Kxg4 0-1

[Event "Campeonato Navarro Absoluto Individual Fase Final"]
[Site "Residencia Fuerte del Príncipe"]
[Date "2016.04.16"]
[Round "5"]
[Board "17"]
[White "Garisoain Ardanaz, Alvaro"]
[Black "Marin Salvador, Ruben"]
[Result "1-0"]
[WhiteElo "1739"]
[BlackElo "1692"]
[PlyCount "43"]
[EventDate "2016.03.05"]
[EventRounds "8"]
[EventCountry "ESP"]

1. Nf3 Nf6 2. c4 g6 3. d4 Bg7 4. Nc3 O-O 5. e4 d6 6. Bg5 Bg4 7. Be2 c5 8. dxc5
dxc5 9. Qxd8 Rxd8 10. Bxf6 Bxf6 11. Nd5 Rxd5 12. exd5 Bxb2 13. Rb1 Bc3+ 14. Nd2
Bf5 15. Rxb7 Nd7 16. g4 Be4 17. f3 Bc2 18. Rxd7 Rb8 19. Bd1 Bd3 20. Bb3 a5 21.
Kd1 a4 22. Bc2 1-0

[Event "Campeonato Navarro Absoluto Individual Fase Final"]
[Site "Residencia Fuerte del Príncipe"]
[Date "2016.04.16"]
[Round "5"]
[Board "18"]
[White "Monroy Ostivar, Alejandro"]
[Black "Otano Villanueva, Joseba"]
[Result "0-1"]
[WhiteElo "1412"]
[BlackElo "1707"]
[PlyCount "32"]
[EventDate "2016.03.05"]
[EventRounds "8"]
[EventCountry "ESP"]

1. e4 d6 2. d4 Nf6 3. Nc3 g6 4. Nf3 Bg7 5. Be3 c6 6. Qd2 b5 7. Bh6 Bxh6 8. Qxh6
b4 9. Nd1 Nxe4 10. Qg7 Rf8 11. Qxh7 Qa5 12. Bc4 Ba6 13. Bxf7+ Kd8 14. Qg7 Nd7
15. Be6 Qb5 16. Ng1 Qf1# 0-1

[Event "Campeonato Navarro Absoluto Individual Fase Final"]
[Site "Residencia Fuerte del Príncipe"]
[Date "2016.04.16"]
[Round "5"]
[Board "19"]
[White "Ochoa Aldaz, Mikel"]
[Black "Pedchenko, Alex"]
[Result "1/2-1/2"]
[WhiteElo "1704"]
[BlackElo "1674"]
[PlyCount "109"]
[EventDate "2016.03.05"]
[EventRounds "8"]
[EventCountry "ESP"]

1. e4 d6 2. d4 g6 3. Nf3 Bg7 4. Bc4 Nf6 5. Nc3 a6 6. a4 O-O 7. O-O Bg4 8. h3
Bxf3 9. Qxf3 Nc6 10. Be3 e5 11. Ne2 Qe8 12. d5 Ne7 13. Bd3 c6 14. c4 c5 15. Ng3
a5 16. Bg5 Nd7 17. Qe3 f5 18. Bxe7 f4 19. Qf3 Qxe7 20. Ne2 Nf6 21. Nc3 h5 22.
Qd1 g5 23. Be2 Qf7 24. f3 Kh7 25. Nb5 Qd7 26. Rc1 Rg8 27. Kf2 Bh6 28. Ke1 g4
29. hxg4 hxg4 30. Qd3 Rad8 31. Kd1 gxf3 32. gxf3 Nh5 33. Kc2 Rg2 34. Kb1 Rdg8
35. Rc2 R8g6 36. Bd1 Qh3 37. Rff2 Bf8 38. Rcd2 Rxf2 39. Rxf2 Rg2 40. Qf1 Rh2
41. Qxh3 Rxh3 42. Nc7 Be7 43. Nb5 Ng3 44. Kc2 Kg6 45. Rg2 Kh5 46. Nc3 Rh1 47.
Ne2 Nf1 48. Kb3 Ne3 49. Rg7 Bg5 50. Rh7+ Bh6 51. Bc2 Rh2 52. Bd3 Rf2 53. Ng1
Nd1 54. Bc2 Ne3 55. Bd3 1/2-1/2

[Event "Campeonato Navarro Absoluto Individual Fase Final"]
[Site "Residencia Fuerte del Príncipe"]
[Date "2016.04.16"]
[Round "5"]
[Board "20"]
[White "Martinez Zazo, Jesus"]
[Black "Ortega Villa, Alex"]
[Result "1-0"]
[WhiteElo "1783"]
[BlackElo "1639"]
[PlyCount "49"]
[EventDate "2016.03.05"]
[EventRounds "8"]
[EventCountry "ESP"]

1. e4 c5 2. Nf3 e6 3. d4 cxd4 4. Nxd4 Nc6 5. Be2 Qc7 6. O-O a6 7. c3 Nf6 8. Be3
d5 9. exd5 Nxd5 10. Bg5 Bd6 11. g3 h6 12. Bd2 Nxd4 13. cxd4 e5 14. Bf3 Qc4 15.
dxe5 Bxe5 16. Re1 f6 17. Nc3 Nb4 18. Bf4 O-O 19. Bxe5 fxe5 20. a3 Rxf3 21. Qxf3
Nc2 22. Re4 Qc5 23. Rd1 Be6 24. Qe2 Nxa3 25. Rxe5 1-0

[Event "Campeonato Navarro Absoluto Individual Fase Final"]
[Site "Residencia Fuerte del Príncipe"]
[Date "2016.04.16"]
[Round "5"]
[Board "21"]
[White "Arana Oloron, Roberto"]
[Black "Donazar Garayoa, Miguel"]
[Result "0-1"]
[WhiteElo "1743"]
[BlackElo "1675"]
[PlyCount "86"]
[EventDate "2016.03.05"]
[EventRounds "8"]
[EventCountry "ESP"]

1. e4 e6 2. d4 d5 3. Nc3 Nf6 4. e5 Nfd7 5. h4 c5 6. Nf3 Nc6 7. Be3 cxd4 8. Bxd4
a6 9. h5 Qc7 10. h6 gxh6 11. Nxd5 exd5 12. e6 Rg8 13. exf7+ Kxf7 14. Bc3 Nf6
15. Bxf6 Kxf6 16. Qd2 Be6 17. O-O-O Bg7 18. Bd3 Bf8 19. Rde1 Rxg2 20. Re2 Bg4
21. Rxh6+ Kf7 22. Ng5+ Kg8 23. Bxh7+ Kh8 24. Rh1 Bxe2 25. Be4+ Rh2 26. Nf7+ Kg7
27. Rg1+ Kxf7 28. Qxd5+ Ke7 29. Qg5+ Kd6 30. Qf4+ Kd7 31. Qf5+ Ke8 32. Rg8 Qd6
33. b3 Rh6 34. Bd5 Rf6 35. Qe4+ Qe5 36. Bxc6+ Kf7 37. Qxe5 bxc6 38. Rg2 Re8 39.
Qa5 Bf3 40. Rg1 Bh6+ 41. Kb2 Re7 42. Qxa6 Rfe6 43. Rg3 Bh5 {Ilegible.} 0-1

[Event "Campeonato Navarro Absoluto Individual Fase Final"]
[Site "Residencia Fuerte del Príncipe"]
[Date "2016.04.23"]
[Round "6"]
[Board "1"]
[White "Ortega Lopez, Mikel"]
[Black "Jimenez Almeida, Luis David"]
[Result "1-0"]
[WhiteElo "2332"]
[BlackElo "2179"]
[PlyCount "87"]
[EventDate "2016.03.05"]
[EventRounds "8"]
[EventCountry "ESP"]

1. e4 e6 2. d4 d5 3. exd5 exd5 4. Nf3 Bd6 5. c4 Nf6 6. c5 Be7 7. Bd3 b6 8. cxb6
axb6 9. O-O Bg4 10. h3 Bh5 11. Bf4 O-O 12. Nc3 c5 13. Be2 Re8 14. Nb5 Na6 15.
Ne5 Bxe2 16. Qxe2 Qc8 17. a3 Qf5 18. Bh2 Ne4 19. Qd3 c4 20. Qf3 Qe6 21. Rfe1
Bf8 22. Qg4 Qf6 23. f3 Nd2 24. Rad1 Nb3 25. Bg3 Rac8 26. Nd7 Qh6 27. Bf4 Qg6
28. Qxg6 hxg6 29. Nxb6 Rxe1+ 30. Rxe1 Rd8 31. Kh1 f6 32. Nc7 Nb8 33. Ncxd5 Na6
34. Rd1 Kf7 35. Nc3 g5 36. Be3 Na5 37. d5 Nc5 38. Ne4 Nd3 39. b4 Nb7 40. Nxc4
Rxd5 41. Nxg5+ Kg6 42. Ne4 f5 43. Rxd3 Rxd3 44. Ne5+ 1-0

[Event "Campeonato Navarro Absoluto Individual Fase Final"]
[Site "Residencia Fuerte del Príncipe"]
[Date "2016.04.23"]
[Round "6"]
[Board "2"]
[White "Malon Insausti, Andres"]
[Black "Leranoz Zabalza, Adrian"]
[Result "1/2-1/2"]
[WhiteElo "1566"]
[BlackElo "2066"]
[PlyCount "58"]
[EventDate "2016.03.05"]
[EventRounds "8"]
[EventCountry "ESP"]

1. e4 e6 2. d4 d5 3. exd5 exd5 4. Nf3 Bf5 5. Bf4 Bd6 6. Bxd6 Qxd6 7. c3 Nd7 8.
Bd3 Qe7+ 9. Be2 Ngf6 10. O-O O-O 11. Bd3 Ne4 12. Re1 Qf6 13. Qc2 Rae8 14. Nbd2
Nxd2 15. Nxd2 {(=)} Bxd3 16. Qxd3 Qb6 17. Qc2 Re6 18. Nf3 Nf6 19. Ng5 Rxe1+ 20.
Rxe1 c5 21. dxc5 Qxc5 22. Nf3 Rc8 23. Qf5 Rd8 24. Nd4 {(=)} b5 25. Qg5 h6 26.
Qg3 Ne4 27. Qe5 Nf6 28. Qg3 Ne4 29. Qe5 Nf6 {(=)} 1/2-1/2

[Event "Campeonato Navarro Absoluto Individual Fase Final"]
[Site "Residencia Fuerte del Príncipe"]
[Date "2016.04.23"]
[Round "6"]
[Board "3"]
[White "Argaya Urdaniz, Miguel"]
[Black "Urriza Iricibar, Pablo"]
[Result "0-1"]
[WhiteElo "1976"]
[BlackElo "2149"]
[PlyCount "140"]
[EventDate "2016.03.05"]
[EventRounds "8"]
[EventCountry "ESP"]

1. e4 c5 2. Nf3 e6 3. d4 cxd4 4. Nxd4 Nc6 5. Nb5 d6 6. Bf4 e5 7. Be3 Nf6 8.
N1c3 a6 9. Na3 b5 10. Nd5 Rb8 11. Nxf6+ Qxf6 12. Be2 Be6 13. c3 Qd8 14. Nc2 Be7
15. O-O O-O 16. Bf3 Qc8 17. Bd2 Rd8 18. Ne3 Bg5 19. Nd5 Bxd2 20. Qxd2 Bxd5 21.
Qxd5 Ne7 22. Qb3 Qc5 23. Rfd1 b4 24. c4 Nc6 25. Qd3 Nd4 26. b3 a5 27. Rd2 Rd7
28. Bg4 Ra7 29. Bd1 Rc8 30. Rc1 Rca8 31. Bc2 g6 32. Kh1 a4 33. bxa4 Rxa4 34.
Bxa4 Rxa4 35. Rb1 Ra3 36. Qf1 Rc3 37. Rc1 Qa5 38. g3 Qa8 39. Re1 Nf3 40. Rb2
Nxe1 41. Qxe1 Qa3 42. Qe2 Rxc4 43. Qxc4 Qxb2 44. Kg2 Kg7 45. Qd5 Qc2 46. Kf3
Qc5 47. Qb3 Kf6 48. Ke2 Qd4 49. Qd3 Qb2+ 50. Qd2 Qxd2+ 51. Kxd2 Ke6 52. Kc2 d5
53. Kb3 d4 54. Kxb4 Kd6 55. Kc4 Kc6 56. f4 f6 57. g4 g5 58. f5 Kc7 59. Kb3 Kb7
60. Kc4 Kc6 61. Kb4 Kb6 62. Kc4 Ka5 63. Kd5 d3 64. Ke6 d2 65. Kxf6 d1=Q 66.
Kxg5 Qf3 67. Kf6 Qxe4 68. g5 Qh4 69. Kxe5 Qxg5 70. Ke6 Qg7 0-1

[Event "Campeonato Navarro Absoluto Individual Fase Final"]
[Site "Residencia Fuerte del Príncipe"]
[Date "2016.04.23"]
[Round "6"]
[Board "4"]
[White "Sevilla Subiza, Javier"]
[Black "Ruiz Escobar, Rafael"]
[Result "1-0"]
[WhiteElo "2058"]
[BlackElo "1912"]
[PlyCount "66"]
[EventDate "2016.03.05"]
[EventRounds "8"]
[EventCountry "ESP"]

1. d4 Nf6 2. Bg5 c5 3. d5 Ne4 4. Bf4 Qb6 5. Qc1 g5 6. Be3 Bg7 7. c3 h6 8. g3 d6
9. a4 a5 10. Bg2 Nf6 11. Na3 Bd7 12. Qc2 Na6 13. Nc4 Qd8 14. h4 g4 15. Bf4 Rb8
16. e4 Nh5 17. Be3 b6 18. Ne2 Qc7 19. O-O Qc8 20. Nf4 Nf6 21. Rfe1 Kf8 22. Qd2
h5 23. e5 dxe5 24. Nxe5 Be8 25. d6 exd6 26. Qxd6+ Kg8 27. Qd3 Nc7 28. Rad1 Bxa4
29. Qc4 Qe8 30. Nxf7 Qxf7 31. Qxa4 Re8 32. Bc6 Rb8 33. Qc2 Rd8 1-0

[Event "Campeonato Navarro Absoluto Individual Fase Final"]
[Site "Residencia Fuerte del Príncipe"]
[Date "2016.04.23"]
[Round "6"]
[Board "5"]
[White "Laseca Arana, Irati"]
[Black "Roldan Marques, Daniel"]
[Result "1/2-1/2"]
[WhiteElo "1700"]
[BlackElo "2168"]
[PlyCount "39"]
[EventDate "2016.03.05"]
[EventRounds "8"]
[EventCountry "ESP"]

1. e4 e5 2. Nf3 Nc6 3. Nc3 Nf6 4. d4 exd4 5. Nxd4 Bb4 6. Nxc6 bxc6 7. Bd3 O-O
8. O-O d5 9. exd5 cxd5 10. Bg5 c6 11. Qf3 Be7 12. Rae1 h6 13. Bxh6 gxh6 14. Qe3
Re8 15. Qxh6 Qd6 16. Re3 d4 17. Qg5+ Kf8 18. Qh6+ Kg8 19. Qg5+ Kf8 20. Qh6+
 1/2-1/2

[Event "Campeonato Navarro Absoluto Individual Fase Final"]
[Site "Residencia Fuerte del Príncipe"]
[Date "2016.04.23"]
[Round "6"]
[Board "6"]
[White "Aguinaga Ruiz, Jesus Luis"]
[Black "Vinal Gutierrez, Pedro"]
[Result "1-0"]
[WhiteElo "1944"]
[BlackElo "2049"]
[PlyCount "125"]
[EventDate "2016.03.05"]
[EventRounds "8"]
[EventCountry "ESP"]

1. d4 d5 2. Bf4 Nf6 3. e3 c5 4. c3 Nc6 5. Nd2 Qb6 6. Qb3 c4 7. Qc2 Nh5 8. Bg5
h6 9. Bh4 g5 10. Be2 Ng7 11. Bg3 Bf5 12. e4 Bg6 13. h4 gxh4 14. Rxh4 e6 15.
Ngf3 Be7 16. Rh3 dxe4 17. Nxe4 Bxe4 18. Qxe4 Qxb2 19. Rb1 Qxc3+ 20. Kf1 Rd8 21.
Bc7 Rd5 22. Rxb7 Qc1+ 23. Ne1 Bb4 24. Bf3 Nf5 25. Bf4 Qa1 26. Bh5 Nfe7 27. Be5
Rxe5 28. dxe5 Bxe1 29. Qxe1 Qxe1+ 30. Kxe1 O-O 31. f4 Nd5 32. Bf3 Rd8 33. Rg3+
Kf8 34. Bh5 Nde7 35. Rc3 Rd4 36. g3 Kg7 37. Ke2 Rd5 38. Bf3 Ra5 39. a3 Nd4+ 40.
Kf2 Nd5 41. Rxc4 Nxf3 42. Kxf3 Rxa3+ 43. Kf2 Ra2+ 44. Kf3 Ra3+ 45. Kf2 Ra2+ 46.
Kg1 h5 47. Rb3 Kg6 48. Rb8 Kf5 49. Rg8 f6 50. exf6 Kxf6 51. Rf8+ Kg6 52. Re4
Ra6 53. Re5 Kg7 54. Re8 Kf7 55. Rh8 Nf6 56. Rb8 Ra1+ 57. Kg2 Ra2+ 58. Kf3 Ra3+
59. Re3 Ra6 60. Rb7+ Kf8 61. Rc3 Ne8 62. Rc8 Ra3+ 63. Kg2 1-0

[Event "Campeonato Navarro Absoluto Individual Fase Final"]
[Site "Residencia Fuerte del Príncipe"]
[Date "2016.04.23"]
[Round "6"]
[Board "7"]
[White "Lerendegui Lasa, Odei"]
[Black "Ortin Blanco, Ainhoa"]
[Result "1-0"]
[WhiteElo "1908"]
[BlackElo "2010"]
[PlyCount "175"]
[EventDate "2016.03.05"]
[EventRounds "8"]
[EventCountry "ESP"]

1. e4 c5 2. c3 Nf6 3. e5 Nd5 4. d4 cxd4 5. Nf3 Nc6 6. cxd4 e6 7. Bc4 d6 8. O-O
Be7 9. Qe2 O-O 10. Nc3 Nxc3 11. bxc3 Bd7 12. Bd3 dxe5 13. dxe5 Na5 14. Qe4 g6
15. Nd4 Rc8 16. Bh6 Re8 17. Rad1 Bg5 18. Bxg5 Qxg5 19. h4 Qe7 20. Qf4 Kg7 21.
Bb5 Bc6 22. Bxc6 bxc6 23. Rd3 Nc4 24. Re1 Nb6 25. Rg3 a6 26. Qe4 c5 27. Ne2 c4
28. Nf4 Kh8 29. h5 g5 30. h6 Rg8 31. Nh5 Rg6 32. Nf6 Nd5 33. Nxd5 exd5 34. Qxd5
Rxh6 35. Rb1 Re6 36. Re3 Qd8 37. Qf3 Kg7 38. Qf5 h6 39. Qf3 Rb8 40. Rd1 Qe7 41.
Qd5 Qc7 42. Re2 Rb5 43. Qd4 Kh7 44. Qe4+ Kg7 45. f4 g4 46. Red2 Qe7 47. g3 Qc7
48. Kg2 Qb7 49. Qxb7 Rxb7 50. Kf2 Reb6 51. Ke3 Rb2 52. Ke4 Rxd2 53. Rxd2 a5 54.
Rd5 a4 55. Ra5 Rd7 56. Rxa4 Rd3 57. Rxc4 Rxg3 58. Rc7 Rg1 59. f5 Rf1 60. e6 g3
61. Rxf7+ Kg8 62. Rf6 Kh7 63. Rg6 Rg1 64. Ke5 h5 65. Kf6 h4 66. Kf7 h3 67. Rg4
Kh6 68. Rh4+ Kg5 69. Rxh3 Kxf5 70. e7 Kg4 71. Rxg3+ Rxg3 72. e8=Q Rf3+ 73. Kg6
Kg3 74. Qe1+ Kf4 75. a4 Rh3 76. Qf1+ Rf3 77. Qxf3+ Kxf3 78. a5 Ke4 79. a6 Kd3
80. a7 Kxc3 81. a8=Q Kb4 82. Qc6 Ka5 83. Qb7 Ka4 84. Kf5 Ka5 85. Ke4 Ka4 86.
Kd4 Ka3 87. Kc3 Ka4 88. Qb4# 1-0

[Event "Campeonato Navarro Absoluto Individual Fase Final"]
[Site "Residencia Fuerte del Príncipe"]
[Date "2016.04.23"]
[Round "6"]
[Board "8"]
[White "Barberia Fernandez, Inaki"]
[Black "Roviralta Montero, Axel"]
[Result "0-1"]
[WhiteElo "1865"]
[BlackElo "1952"]
[PlyCount "58"]
[EventDate "2016.03.05"]
[EventRounds "8"]
[EventCountry "ESP"]

1. d4 b5 2. e4 a6 3. Bd3 c5 4. d5 c4 5. Be2 e6 6. Nf3 Bb7 7. Bg5 f6 8. Bh4 e5
9. O-O d6 10. a4 Nd7 11. b3 Nc5 12. Nfd2 Rc8 13. axb5 axb5 14. bxc4 bxc4 15.
Bxc4 Ne7 16. f4 Nxe4 17. Bb5+ Kf7 18. Nxe4 Nxd5 19. Bf2 Nxf4 20. Ra7 Rb8 21.
Bc6 Qc8 22. Rxb7+ Rxb7 23. Bxb7 Qxb7 24. Qf3 d5 25. Nc5 Qc6 26. Qa3 d4 27. Qb3+
Kg6 28. Qg3+ Kf5 29. Nd3 Ne2+ 0-1

[Event "Campeonato Navarro Absoluto Individual Fase Final"]
[Site "Residencia Fuerte del Príncipe"]
[Date "2016.04.23"]
[Round "6"]
[Board "9"]
[White "Cemborain Oricain, Alfonso"]
[Black "Hernandez Barricarte, Miguel A"]
[Result "1/2-1/2"]
[WhiteElo "1951"]
[BlackElo "1898"]
[PlyCount "88"]
[EventDate "2016.03.05"]
[EventRounds "8"]
[EventCountry "ESP"]

1. e4 e6 2. d3 d5 3. Nd2 c5 4. Ngf3 Nf6 5. g3 Nc6 6. Bg2 Be7 7. O-O O-O 8. e5
Nd7 9. Re1 b5 10. Nf1 Qc7 11. Qe2 a5 12. h4 Ba6 13. Bf4 Rfc8 14. Ne3 Qd8 15. h5
h6 16. Ng4 Bf8 17. Qd2 b4 18. c3 Rab8 19. c4 dxc4 20. dxc4 Bxc4 21. Bxh6 gxh6
22. Qxd7 Nd4 23. Red1 Be2 24. Nf6+ Kg7 25. Nxd4 Qxd7 26. Nxd7 Bxd1 27. Nxb8
cxd4 28. Rxd1 Rxb8 29. Rxd4 a4 30. Bf1 Rc8 31. Bc4 Rc5 32. Re4 Rc8 33. Rg4+ Kh8
34. Kf1 Bg7 35. b3 a3 36. Re4 Rd8 37. Ke2 Bf8 38. f4 Bc5 39. g4 Kg7 40. f5 exf5
41. gxf5 Rd4 42. Rxd4 Bxd4 43. e6 fxe6 44. fxe6 Kf6 1/2-1/2

[Event "Campeonato Navarro Absoluto Individual Fase Final"]
[Site "Residencia Fuerte del Príncipe"]
[Date "2016.04.23"]
[Round "6"]
[Board "10"]
[White "Alfonso Abrego, Santiago"]
[Black "Sola Plaza, Gregorio"]
[Result "0-1"]
[WhiteElo "1797"]
[BlackElo "1945"]
[PlyCount "44"]
[EventDate "2016.03.05"]
[EventRounds "8"]
[EventCountry "ESP"]

1. e4 e6 2. d4 d5 3. Nc3 Nf6 4. e5 Nfd7 5. f4 c5 6. Nf3 Nc6 7. Be3 Be7 8. Qd2
O-O 9. O-O-O c4 10. f5 b5 11. fxe6 fxe6 12. Nxb5 Rb8 13. Nd6 Bxd6 14. exd6 Nb4
15. Kb1 Nf6 16. c3 Ne4 17. Qc1 Nxa2 18. Kxa2 Qa5+ 19. Kb1 Nxc3+ 20. Kc2 Bd7 21.
b3 Qa2+ 22. Qb2 cxb3+ 0-1

[Event "Campeonato Navarro Absoluto Individual Fase Final"]
[Site "Residencia Fuerte del Príncipe"]
[Date "2016.04.23"]
[Round "6"]
[Board "11"]
[White "Alfaro Pinero, Asier"]
[Black "Gonzalez Pabollet, Jesus Maria S"]
[Result "1-0"]
[WhiteElo "1708"]
[BlackElo "1887"]
[PlyCount "59"]
[EventDate "2016.03.05"]
[EventRounds "8"]
[EventCountry "ESP"]

1. d4 d5 2. c4 c6 3. cxd5 cxd5 4. Bf4 Nf6 5. e3 Qb6 6. Qb3 Qxb3 7. axb3 Nc6 8.
Nc3 Bf5 9. Bb5 e6 10. Nf3 Nd7 11. O-O Be7 12. Bxc6 bxc6 13. Ra2 a5 14. Rfa1 O-O
15. Rxa5 Rxa5 16. Rxa5 Bb4 17. Ra7 Rd8 18. h3 Bc2 19. Nd2 Nf6 20. Rb7 c5 21.
dxc5 Bxc5 22. b4 Bf8 23. Nf3 Ne4 24. Nd4 Bd3 25. Nxe4 dxe4 26. b5 h6 27. b6 Bc5
28. Bc7 Ra8 29. Nb3 Bf8 30. Ra7 1-0

[Event "Campeonato Navarro Absoluto Individual Fase Final"]
[Site "Residencia Fuerte del Príncipe"]
[Date "2016.04.23"]
[Round "6"]
[Board "12"]
[White "Ortin Blanco, Inigo"]
[Black "Garisoain Ardanaz, Alvaro"]
[Result "1-0"]
[WhiteElo "2047"]
[BlackElo "1739"]
[PlyCount "69"]
[EventDate "2016.03.05"]
[EventRounds "8"]
[EventCountry "ESP"]

1. d4 Nf6 2. Bg5 e6 3. e4 h6 4. Bxf6 Qxf6 5. Nf3 Bb4+ 6. c3 Ba5 7. a4 a6 8. b4
Bb6 9. a5 Ba7 10. Bd3 O-O 11. h4 d6 12. e5 dxe5 13. Nxe5 Nd7 14. Qe2 Nxe5 15.
dxe5 Qf4 16. Nd2 h5 17. O-O-O Qh6 18. Kc2 Bd7 19. g4 hxg4 20. Qxg4 Bxf2 21.
Rdf1 Ba4+ 22. Nb3 Rad8 23. Rh3 Be3 24. Rf6 Rxd3 25. Rxh6 Rd2+ 26. Kb1 Bxb3 27.
Rxe3 Rfd8 28. Rg3 Bc2+ 29. Kc1 g6 30. Qh5 Rd1+ 31. Kxc2 R8d2+ 32. Kb3 Kf8 33.
Rh8+ Ke7 34. Qg5+ Kd7 35. Rd8+ 1-0

[Event "Campeonato Navarro Absoluto Individual Fase Final"]
[Site "Residencia Fuerte del Príncipe"]
[Date "2016.04.23"]
[Round "6"]
[Board "13"]
[White "Otano Villanueva, Joseba"]
[Black "Cinza Lopez, Javier"]
[Result "0-1"]
[WhiteElo "1707"]
[BlackElo "1980"]
[PlyCount "62"]
[EventDate "2016.03.05"]
[EventRounds "8"]
[EventCountry "ESP"]

1. d4 g6 2. e4 Bg7 3. f4 d5 4. e5 Bf5 5. c3 Bxb1 6. Rxb1 e6 7. b4 Ne7 8. Bb5+
c6 9. Bd3 b5 10. Nh3 a5 11. Qc2 Nd7 12. O-O h5 13. Ng5 O-O 14. f5 exf5 15. e6
Nf6 16. exf7+ Rxf7 17. Nxf7 Kxf7 18. Bg5 axb4 19. Rxb4 Ra3 20. Re1 Ne4 21. Bxe4
dxe4 22. Rb3 Ra4 23. a3 Qa5 24. Qa2 Nd5 25. Reb1 Rc4 26. Bd2 Ke7 27. Qb2 Nxc3
28. Rxc3 Bxd4+ 29. Kf1 Bxc3 30. Bxc3 Qxc3 31. Qe2 Qd3 0-1

[Event "Campeonato Navarro Absoluto Individual Fase Final"]
[Site "Residencia Fuerte del Príncipe"]
[Date "2016.04.23"]
[Round "6"]
[Board "15"]
[White "Lizuain Toni, Javier"]
[Black "Arrese-Igor Royuela, Alex"]
[Result "1-0"]
[WhiteElo "1840"]
[BlackElo "1638"]
[PlyCount "73"]
[EventDate "2016.03.05"]
[EventRounds "8"]
[EventCountry "ESP"]

1. e4 e5 2. Bc4 Nf6 3. Nc3 Nc6 4. d3 d6 5. Nge2 Be6 6. Nd5 Na5 7. Nxf6+ Qxf6 8.
Bxe6 Qxe6 9. O-O Nc6 10. f4 Be7 11. f5 Qd7 12. Ng3 d5 13. Nh5 Bc5+ 14. Kh1 Bf8
15. Qg4 f6 16. c3 O-O-O 17. Be3 d4 18. cxd4 Nxd4 19. Bxd4 Qxd4 20. Rac1 Qxb2
21. Rb1 Qd4 22. Rfc1 c6 23. Rb3 Rd7 24. h3 Qd6 25. a4 Qe7 26. a5 a6 27. Qe2 g6
28. Ng3 Qf7 29. Qb2 Bd6 30. Rb6 Qe7 31. Rb1 g5 32. Ne2 h5 33. g3 Rh7 34. Nc3
Bc5 35. Rxc6+ Rc7 36. Qxb7+ Kd8 37. Qb8+ 1-0

[Event "Campeonato Navarro Absoluto Individual Fase Final"]
[Site "Residencia Fuerte del Príncipe"]
[Date "2016.04.23"]
[Round "6"]
[Board "16"]
[White "Sola Garate, Roberto"]
[Black "Martinez Zazo, Jesus"]
[Result "0-1"]
[WhiteElo "1595"]
[BlackElo "1783"]
[PlyCount "104"]
[EventDate "2016.03.05"]
[EventRounds "8"]
[EventCountry "ESP"]

1. e4 g6 2. d4 c5 3. Nf3 Bg7 4. Nc3 cxd4 5. Nxd4 Nc6 6. Be3 d6 7. Bc4 Nf6 8. f3
a6 9. Bb3 O-O 10. Qd2 Na5 11. O-O-O Nxb3+ 12. Nxb3 Qc7 13. Kb1 b5 14. h4 Bb7
15. g4 h5 16. gxh5 Nxh5 17. Rhg1 Rfc8 18. Bd4 e5 19. Be3 Rd8 20. Nd5 Bxd5 21.
exd5 a5 22. Qd3 a4 23. Nd2 b4 24. Nc4 Rab8 25. b3 axb3 26. cxb3 Qe7 27. Bg5 Bf6
28. Qe3 Ra8 29. Rd2 Ra6 30. Rdg2 Bxg5 31. Rxg5 Kh7 32. Rxh5+ gxh5 33. Rg5 Qf6
34. Qe4+ Kh6 35. Ne3 Qf4 36. Nf5+ Kh7 37. Rxh5+ Kg8 38. Nh6+ Kf8 39. Qh7 Qxf3
40. Qg8+ Ke7 41. Qg5+ Kd7 42. Qg4+ Qxg4 43. Nxg4 Rda8 44. Nf6+ Ke7 45. Rf5 Rxa2
46. h5 Rh2 47. Ng4 Rh4 48. Nf6 Rh3 49. h6 Rxb3+ 50. Kc2 Rc3+ 51. Kd2 Ra2+ 52.
Kd1 Raa3 0-1

[Event "Campeonato Navarro Absoluto Individual Fase Final"]
[Site "Residencia Fuerte del Príncipe"]
[Date "2016.04.23"]
[Round "6"]
[Board "17"]
[White "Pedchenko, Alex"]
[Black "Zaratiegui Cardesa, Jose"]
[Result "1-0"]
[WhiteElo "1674"]
[BlackElo "1740"]
[PlyCount "83"]
[EventDate "2016.03.05"]
[EventRounds "8"]
[EventCountry "ESP"]

1. e4 e5 2. Bc4 Be7 3. Nc3 Nf6 4. d3 O-O 5. f4 Nc6 6. f5 d5 7. Nxd5 Nxd5 8.
Bxd5 Nd4 9. Bb3 a5 10. c3 Nxb3 11. axb3 b6 12. Nf3 Bc5 13. b4 Bd6 14. h4 Re8
15. g4 Ba6 16. bxa5 bxa5 17. Be3 c5 18. c4 Rb8 19. b3 Qb6 20. Rb1 a4 21. Nd2
axb3 22. Rxb3 Qd8 23. Ke2 Bb7 24. g5 Bc6 25. Rxb8 Qxb8 26. h5 Bf8 27. Qg1 Rd8
28. g6 Qd6 29. gxh7+ Kxh7 30. Qb1 Ba4 31. Nf3 Rb8 32. Qa1 Bc2 33. Qc3 Rb1 34.
Rxb1 Bxb1 35. Nd2 Ba2 36. Qa3 Bxc4 37. Nxc4 Qc7 38. Qa5 Qe7 39. Qe1 f6 40. Qg1
Kh8 41. Qg6 Qa7 42. h6 1-0

[Event "Campeonato Navarro Absoluto Individual Fase Final"]
[Site "Residencia Fuerte del Príncipe"]
[Date "2016.04.23"]
[Round "6"]
[Board "18"]
[White "Martinez Bernardo, Aitor"]
[Black "Roldan Marques, Marta"]
[Result "0-1"]
[WhiteElo "1763"]
[BlackElo "1635"]
[PlyCount "102"]
[EventDate "2016.03.05"]
[EventRounds "8"]
[EventCountry "ESP"]

1. c4 e5 2. Nc3 Nc6 3. g3 Bc5 4. Bg2 Nge7 5. d3 d6 6. Nf3 Bf5 7. a3 a5 8. O-O
Qd7 9. Ng5 f6 10. Nge4 Bd4 11. e3 Ba7 12. Rb1 h5 13. h4 Bh3 14. Qb3 Rb8 15. Nb5
Bxg2 16. Kxg2 Bc5 17. Nxc5 dxc5 18. Rd1 g5 19. Rh1 gxh4 20. Rxh4 Ng6 21. Rh1 h4
22. Qd1 h3+ 23. Kh2 Qf5 24. Qe2 Nh4 25. f4 Qxd3 26. Nxc7+ Ke7 27. Nd5+ Kf7 28.
Re1 Qxb1 29. gxh4 Qf5 30. e4 Qh5 31. Qxh5+ Rxh5 32. Kxh3 Rbh8 33. fxe5 Rxh4+
34. Kg3 Rh3+ 35. Kg2 Rh2+ 36. Kg3 R8h3+ 37. Kf4 Rh4+ 38. Kg3 Nxe5 39. Rf1 R4h3+
40. Kf4 Nxc4 41. b4 cxb4 42. axb4 a4 43. Be3 Nxe3 44. Nxe3 a3 45. Nc4 Rd3 46.
Ra1 a2 47. b5 Ke6 48. Kg4 Re2 49. Kf4 Rd4 50. Kf3 Rdxe4 51. Na5 Kf5 0-1

[Event "Campeonato Navarro Absoluto Individual Fase Final"]
[Site "Residencia Fuerte del Príncipe"]
[Date "2016.04.23"]
[Round "6"]
[Board "19"]
[White "Marin Salvador, Ruben"]
[Black "Sancinena Arpide, Juan"]
[Result "0-1"]
[WhiteElo "1692"]
[BlackElo "1605"]
[PlyCount "52"]
[EventDate "2016.03.05"]
[EventRounds "8"]
[EventCountry "ESP"]

1. d4 d5 2. Bf4 Nf6 3. e3 c5 4. Nf3 Nc6 5. c3 e6 6. Nbd2 Bd6 7. Bg3 O-O 8. Bd3
Qc7 9. dxc5 Bxg3 10. hxg3 e5 11. Ng5 h6 12. Qc2 Re8 13. Bh7+ Kf8 14. Nxf7 Nxh7
15. Nxh6 e4 16. O-O-O Ne5 17. Nxe4 dxe4 18. Qxe4 Nf6 19. Qc2 Be6 20. Nf5 Bxf5
21. Qxf5 Rad8 22. f4 Rxd1+ 23. Rxd1 Nc6 24. Rh1 Rxe3 25. Qg6 Qf7 26. Qf5 Qe6
 0-1